000
00337nam a2200145Ia 4500
005
20251222153648.0
008
251222s9999||||xx |||||||||||||| ||spa||
020
_a
8432953156
082
_a
657/A52
100
_a
Amat, Jaume
245
0
_a
Tratado de Contabilidad III:
250
_a
5ta.ed.
264
_b
Edicciones Ceac
942
_c
LIB
999
_c
32986
_d
32986